000 00661nam a22002417a 4500
003 URS
005 20250828100454.0
008 250402b ||||| |||| 00| 0 eng d
020 _a0135487765
040 _cURS
050 _aTX168
_b.G914 1973
100 _912048
_aGross, Irma Hannah
245 _aManagement for modern families
264 _aEnglewood, N.J.
_bPrentice-Hall
_c©1973
300 _a710 pages.,:
336 _2rdacontent
_atext
337 _2rdamedia
_aunmediated
338 _2rdacarrier
_avolume
650 0 _92399
_aHome economics
700 _912049
_aCrandall, Elizabeth W.
700 _912050
_aKnoll, Marjorie M.
942 _2lcc
_cCR
999 _c84711
_d84709